| 000 | 00657nam a2200193 a 4500 | ||
|---|---|---|---|
| 005 | 20220811103419.0 | ||
| 008 | 180119s2015 mx r 000 0 spa d | ||
| 020 | _a9786074484946 | ||
| 035 | _aUPN01000222230 | ||
| 049 | _aCG | ||
| 050 | 4 |
_aR726.7 _bA4.7 |
|
| 245 | 0 | 0 |
_aAlternativas psicológicas de intervención en problemas de salud / _cEverardo José Camacho Gutiérrez ... [et al.]. |
| 260 |
_aMéxico : _bEl Manual Moderno, _c2015. |
||
| 300 |
_a287 p. : _bgráfs., cuadros |
||
| 650 | 4 |
_aPsicología de la salud clínica _915493 |
|
| 700 | 1 |
_aCamacho Gutiérrez, Everardo José Fernando, _ecoaut. _941384 |
|
| 905 | _aLibro | ||
| 999 |
_c194327 _d194327 |
||